| 000 | 01641cam a22004574i 4500 | ||
|---|---|---|---|
| 003 | PE-LiUPU | ||
| 005 | 20250731173140.0 | ||
| 008 | 150623s r 000 0 d | ||
| 020 | _a0816422044 | ||
| 035 | _a(Sirsi) i9780816422043 | ||
| 040 |
_aPE-LiUPU _bspa _cPE-LiUPU _erda |
||
| 049 | _aPRUA | ||
| 082 | 0 | 4 |
_a268 _bL82M _221 |
| 100 | 1 |
_aLonergan, Bernard, _d1904-1984, _eautor. |
|
| 245 | 1 | 0 |
_aMethod in theology / _cBernard Lonergan. |
| 264 | 1 |
_aMinneapolis, Minnesota : _bWinston Press, _c1979. |
|
| 300 |
_a405 páginas ; _c23 centímetros |
||
| 336 |
_atext _2rdacontent |
||
| 337 |
_aunmediated _2rdamedia |
||
| 338 |
_avolume _2rdacarrier |
||
| 505 | 0 | _aBackground: Method. The human good. Meaning. Religion. Functional specialties. Foreground: Research. Interpretation. History. History and historians. Dialectic. Foundations. Doctrines. Systematics. Communications. | |
| 526 | _aSEG42 | ||
| 526 | _aSEG41 | ||
| 526 | _aSEG40 | ||
| 526 | _aSEG39 | ||
| 526 | _aP94 | ||
| 526 | _aP87 | ||
| 526 | _aP86 | ||
| 526 | _aP85 | ||
| 526 | _aP77 | ||
| 526 | _aP76 | ||
| 526 | _aP35 | ||
| 650 | 0 | 4 |
_aReligión _xEstudio y enseñanza. |
| 650 | 0 | 4 |
_aTeología _xEnseñanza. |
| 942 |
_2ddc _cBOOK |
||
| 949 |
_a268 L82M _wDEWEY _c1 _i52620 _lCCODEBUL1 _mBUL _p8.00 _r0 _sY _tBOOK _u2015-6-24 _xTEOLOGIA _PP35 _0COMPRA _o.STAFF. Colección General |
||
| 994 |
_aC0 _bPEPRU |
||
| 596 | _a1 | ||
| 999 |
_a268 L82M _wDEWEY _c34450 _i52620 _f2021-11-10 _g5 _lCCODEBUL1 _mBUL _p8.00 _r0 _sY _tBOOK _u2015-6-24 _xTEOLOGIA _PP35 _0COMPRA _o.STAFF. Colección General _d34450 |
||
| 980 |
_81 _gALBERTO SANCHEZ Responsable de Automatización |
||